YouTubers with the most subscribers - Statistics

General Stats
  • This quiz has been taken 528 times
    12 since last reset
  • The average score is 2 of 20
Answer Stats
Subscribers (millions) Channel % Correct
469.9 MrBeast
89%
110.7 PewDiePie
67%
310.6 T-Series
44%
92.6 A4
0%
99.9 Alan's Universe
0%
109.9 Alejo Igoa
0%
100.5 BLACKPINK
0%
98.2 ChuChu TV
0%
200.7 Cocomelon
0%
109.5 Goldmines
0%
138.7 Kids Diana Show
0%
131.4 KIMPRO
0%
132.0 Like Nastya
0%
189.0 SET India
0%
105.6 Sony SAB
0%
138.0 Stokes Twins
0%
150.0 Vlad and Niki
0%
112.8 WWE
0%
122.6 Zee Music
0%
97.3 Zee TV
0%
No matching quizzes found
Score Distribution
Percent of People with Each Score
Percentile by Number Answered
Your Score History
You have not taken this quiz since the last reset